000 01740nam0a22002891 4500
001 v19\rc\1217753
005 20260407212339.0
035 _a(NLR Aleph) 004380392
090 _a3618282
_c3618282
100 _a20060306d1874 |||y0rusy50 ca
101 0 _arus
_afre
102 _aRU
105 _ay z |||||
200 1 _aКонсульская конвенция, заключенная между Россиею и Франциею, 20 марта/1 апреля 1874 г.
210 _a[Санкт-Петербург
_d[1874]
215 _a[2], 29 с.
_d23
300 _aТекст парал. на рус. и фр. яз.
327 0 _aПеред текстом Конвенции: "Указ его императорского величества, самодержца всероссийского, из Правительствующего сената, управляющему Морским министерством"
464 0 _12001#$aУказ его императорского величества, самодержца всероссийского, из Правительствующего сената, управляющему Морским министерством
_tУказ его императорского величества, самодержца всероссийского, из Правительствующего сената, управляющему Морским министерством
740 1 _aРоссия
_tДоговоры
_3RU\NLR\AUTH\889957979
_9412045
741 1 _aФранция
_tДоговоры
_3RU\NLR\AUTH\8810141566
_9777905
801 0 _aRU
_bNLR
_gpsbo
801 1 _aRU
_bProSoft-M
_2rusmarc
852 _aNLR
_j18.295.6.439
942 _cBOOK
980 _aNB